[Event "ALG Cup"]
[Site "Blida et Alger"]
[Date "2016.10.14"]
[Round "6.6"]
[White "Hammadi, Djamel"]
[Black "Benelouzzane, Mourad"]
[Result "0-1"]
[WhiteElo "2112"]
[BlackElo "1749"]
[PlyCount "56"]
[EventDate "2016.10.12"]
[EventType "k.o."]
[EventRounds "14"]
[EventCountry "ALG"]
[SourceTitle "EXT 2024"]
[Source "ChessBase"]
[SourceDate "2023.10.10"]
[SourceVersion "1"]
[SourceVersionDate "2023.10.10"]
[SourceQuality "1"]

1. d4 Nf6 2. Nf3 d5 3. e3 e6 4. Bd3 Nbd7 5. 0-0 b6 6. Nbd2 Bb7 7. Ne5 Bd6 8. f4 0-0 9. c3 c5 10. Qf3 cxd4 11. exd4 Rc8 12. Re1 Qc7 13. g4 Nc5 14. dxc5 Bxc5+ 15. Kf1 d4 16. Qh3 dxc3 17. bxc3 Rfd8 18. g5 Rxd3 19. Qxd3 Ng4 20. Qd7 Ne3+ 21. Rxe3 Qxd7 22. Nxd7 Bxe3 23. Nb3 Ba6+ 24. Kg2 Rxc3 25. Bxe3 Rxe3 26. Rd1 Re2+ 27. Kf3 Rxa2 28. Ndc5 Be2+ 0-1

[Event "ALG-ch"]
[Site "Algiers"]
[Date "2016.01.16"]
[Round "1"]
[White "Benelouzzane, Mourad"]
[Black "Berrached, Mohamed"]
[Result "0-1"]
[WhiteElo "1659"]
[BlackElo "2081"]
[PlyCount "52"]
[EventDate "2016.01.16"]
[EventType "swiss"]
[EventRounds "9"]
[EventCountry "ALG"]
[SourceTitle "CBM 170 Extra"]
[Source "ChessBase"]
[SourceDate "2016.02.25"]
[SourceVersion "1"]
[SourceVersionDate "2016.02.25"]
[SourceQuality "1"]

1. e4 g6 2. d4 Bg7 3. Nf3 c5 4. Nc3 cxd4 5. Nxd4 Nc6 6. Nde2 d6 7. h3 Nf6 8. g3 0-0 9. Bg2 Bd7 10. 0-0 Qa5 11. Bd2 Rfc8 12. Nd5 Qd8 13. Bc3 Nxd5 14. exd5 Ne5 15. a4 b5 16. axb5 Bxb5 17. Ba5 Qd7 18. b3 Bxe2 19. Qxe2 Qf5 20. Rac1 Re8 21. f4 Nd7 22. Kh2 Nc5 23. Bb4 Qc8 24. Qf2 Rb8 25. Bd2 Qc7 26. f5 Bf6 0-1